[Event "Catalunya-chT"]
[Site "Spain"]
[Date "2003.??.??"]
[Round "9"]
[White "Camps Tarres, Eduard"]
[Black "Mateu Palau, Enrique"]
[Result "1/2-1/2"]
[WhiteElo "2058"]
[BlackElo "2180"]
[PlyCount "56"]
[EventDate "2003.??.??"]
[EventType "team-tourn"]
[EventRounds "9"]
[EventCountry "ESP"]
[SourceTitle "EXT 2007"]
[Source "ChessBase"]
[SourceDate "2006.11.23"]
[SourceVersion "1"]
[SourceVersionDate "2006.11.23"]
[SourceQuality "1"]

1. c4 e5 2. Nc3 d6 3. g3 Be6 4. Bg2 Nc6 5. d3 Qd7 6. Be3 Nf6 7. Nd5 Be7 8. Qb3 Nd8 9. Nxe7 Qxe7 10. Nf3 0-0 11. 0-0 Qd7 12. Ng5 Bf5 13. f4 h6 14. Nf3 exf4 15. Bxf4 Bh3 16. e4 Bxg2 17. Kxg2 Ne6 18. Be3 Ng4 19. Bg1 b6 20. h3 Ne5 21. Be3 Nxf3 22. Rxf3 Rae8 23. h4 Nc5 24. Qc2 f5 25. Bxc5 dxc5 26. Raf1 fxe4 27. Rxf8+ Rxf8 28. Rxf8+ Kxf8 1/2-1/2

[Event "Catalunya-chT"]
[Site "Spain"]
[Date "2003.??.??"]
[Round "4"]
[White "Ribera Baztan, Jose"]
[Black "Mateu Palau, Enrique"]
[Result "1-0"]
[WhiteElo "2147"]
[BlackElo "2180"]
[PlyCount "60"]
[EventDate "2003.??.??"]
[EventType "team-tourn"]
[EventRounds "9"]
[EventCountry "ESP"]
[SourceTitle "EXT 2007"]
[Source "ChessBase"]
[SourceDate "2006.11.23"]
[SourceVersion "1"]
[SourceVersionDate "2006.11.23"]
[SourceQuality "1"]

1. d4 d5 2. c4 dxc4 3. e4 e5 4. Nf3 exd4 5. Bxc4 Nc6 6. 0-0 Be6 7. Bxe6 fxe6 8. Qb3 Qd7 9. Qxb7 Rb8 10. Qa6 Nf6 11. Nbd2 Bc5 12. Qc4 Bb6 13. b3 0-0 14. Ba3 Rfe8 15. Rac1 Na5 16. Qd3 e5 17. b4 Nb7 18. Nc4 Qb5 19. Qb3 Kh8 20. Bb2 c5 21. Ncxe5 h6 22. Nf7+ Kh7 23. e5 Nd7 24. Qd5 Nf8 25. Bxd4 Qxb4 26. Be3 Ne6 27. Rc4 Qb2 28. Qe4+ g6 29. Qh4 h5 30. Qf6 Rg8 1-0

[Event "ESP-chT"]
[Site "Barcelona"]
[Date "2000.08.12"]
[Round "8"]
[White "Mateu Palau, Enrique"]
[Black "Pijuan Herranz, Manuel"]
[Result "0-1"]
[WhiteElo "2191"]
[BlackElo "2230"]
[PlyCount "92"]
[EventDate "2000.08.05"]
[EventType "team-tourn"]
[EventRounds "9"]
[EventCountry "ESP"]
[SourceTitle "CBM 077 Extra"]
[Source "ChessBase"]
[SourceDate "2000.09.14"]
[SourceVersion "1"]
[SourceVersionDate "2000.09.14"]
[SourceQuality "1"]

1. e4 e5 2. Nc3 Nf6 3. f4 d5 4. fxe5 Nxe4 5. d3 Nxc3 6. bxc3 d4 7. Nf3 Nc6 8. Be2 Bc5 9. 0-0 dxc3+ 10. Kh1 0-0 11. Qe1 Qd5 12. Qg3 Bf5 13. Bf4 Bg6 14. h4 Rae8 15. Bd1 f6 16. exf6 Rxf6 17. Ng5 Nd4 18. h5 h6 19. Ne4 Bxe4 20. dxe4 Rxe4 21. Bg4 Ne2 22. Bxe2 Rxe2 23. Qg4 Qe4 24. Rf3 Bd6 25. Raf1 Re1 26. Rxe1 Qxe1+ 27. Kh2 Qe4 28. g3 Qxc2+ 29. Kh3 Bxf4 30. gxf4 Qf5 31. Rxc3 c5 32. Rb3 b6 33. Ra3 a5 34. Rb3 Qxg4+ 35. Kxg4 Kf7 36. f5 Rc6 37. a4 c4 38. Rc3 Kf6 39. Kf4 Rc5 40. Kg4 Ke5 41. Re3+ Kf6 42. Re6+ Kf7 43. Rxb6 c3 44. Rb1 c2 45. Rc1 Kf6 46. Kf4 Rxf5+ 0-1

[Event "ESP-chT"]
[Site "Barcelona"]
[Date "2000.08.07"]
[Round "3"]
[White "Matamoros Franco, Carlos S"]
[Black "Mateu Palau, Enrique"]
[Result "1/2-1/2"]
[WhiteElo "2467"]
[BlackElo "2191"]
[PlyCount "81"]
[EventDate "2000.08.05"]
[EventType "team-tourn"]
[EventRounds "9"]
[EventCountry "ESP"]
[SourceTitle "CBM 077 Extra"]
[Source "ChessBase"]
[SourceDate "2000.09.14"]
[SourceVersion "1"]
[SourceVersionDate "2000.09.14"]
[SourceQuality "1"]

1. c4 e5 2. g3 Nc6 3. Bg2 d6 4. Nc3 Be6 5. d3 Qd7 6. Rb1 g6 7. b4 Bg7 8. b5 Nd8 9. a4 a5 10. Nd5 Ne7 11. Bg5 Bxd5 12. cxd5 b6 13. Bd2 Nb7 14. Qc2 0-0 15. Nf3 Nc5 16. Qc4 Nf5 17. 0-0 Rae8 18. e3 Re7 19. Ng5 Kh8 20. Bc3 Rfe8 21. Rbd1 h6 22. Ne4 h5 23. Nd2 Nh6 24. d4 Nb7 25. dxe5 dxe5 26. Qa2 Nc5 27. Nb3 Nxb3 28. Qxb3 e4 29. Bxg7+ Kxg7 30. Rc1 Ng4 31. Bh3 Qf5 32. Rc6 Rd8 33. Bxg4 hxg4 34. Rd1 Rh8 35. Qc3+ Kg8 36. d6 Rxh2 37. Kxh2 Qxf2+ 38. Kh1 Qf3+ 39. Kh2 Qf2+ 40. Kh1 Qf3+ 41. Kh2 1/2-1/2

[Event "Catalunya-chT"]
[Site "Spain"]
[Date "1999.??.??"]
[Round "7"]
[White "Llados Peiro, Juan Ma"]
[Black "Mateu Palau, Enrique"]
[Result "1/2-1/2"]
[WhiteElo "2220"]
[BlackElo "2255"]
[PlyCount "32"]
[EventDate "1999.??.??"]
[EventType "team-tourn"]
[EventRounds "9"]
[EventCountry "ESP"]
[SourceTitle "EXT 2000"]
[Source "ChessBase"]
[SourceDate "1999.11.16"]
[SourceVersion "1"]
[SourceVersionDate "1999.11.16"]
[SourceQuality "1"]

1. e4 c5 2. f4 d6 3. Nc3 Nf6 4. Nf3 e6 5. d4 cxd4 6. Qxd4 Nc6 7. Bb5 Be7 8. e5 dxe5 9. Qxd8+ Bxd8 10. Nxe5 Bd7 11. Nxd7 Nxd7 12. Bd2 Rc8 13. 0-0-0 0-0 14. Ne4 Be7 15. Bc3 Nb6 16. Nd6 Bxd6 1/2-1/2

[Event "Catalunya-chT"]
[Site "Spain"]
[Date "1999.??.??"]
[Round "1"]
[White "Mateu Palau, Enrique"]
[Black "Duran Dosrius, Faustino"]
[Result "1-0"]
[WhiteElo "2255"]
[BlackElo "1900"]
[PlyCount "101"]
[EventDate "1999.??.??"]
[EventType "team-tourn"]
[EventRounds "9"]
[EventCountry "ESP"]
[SourceTitle "EXT 2000"]
[Source "ChessBase"]
[SourceDate "1999.11.16"]
[SourceVersion "1"]
[SourceVersionDate "1999.11.16"]
[SourceQuality "1"]

1. e4 c5 2. Nf3 d6 3. c3 Nc6 4. d4 cxd4 5. cxd4 e6 6. Nc3 Nf6 7. Be2 Be7 8. 0-0 0-0 9. h3 a6 10. a4 Bd7 11. Be3 Rc8 12. Rc1 h6 13. e5 Ne8 14. Bd3 f5 15. exf6 Bxf6 16. Bb1 Qe7 17. Qd3 g5 18. Rce1 Qg7 19. Ne2 Nb4 20. Qb3 a5 21. Ng3 Qf7 22. Ne4 Bc6 23. Bd2 Bd5 24. Qe3 Be7 25. Bxb4 axb4 26. Nh2 Ng7 27. Qd2 Nf5 28. Rc1 Bc6 29. Ng4 Qg7 30. Qxb4 d5 31. Nc5 Bxc5 32. Rxc5 Nxd4 33. Nxh6+ Qxh6 34. Qxd4 Rf4 35. Qe5 Rcf8 36. Rc3 d4 37. Rg3 Qf6 38. Rxg5+ Kh8 39. Rh5+ Kg8 40. Qc7 Qf7 41. Qe5 Qf6 42. Rg5+ Kh8 43. Qxf6+ R8xf6 44. a5 Bd5 45. Bd3 Bb3 46. f3 Rf8 47. Rc1 R4f7 48. Kf2 Bd5 49. Ke2 Bc6 50. Rcc5 Bd5 51. Bc4 1-0

[Event "Catalunya-chT"]
[Site "Spain"]
[Date "1999.??.??"]
[Round "4"]
[White "Mateu Palau, Enrique"]
[Black "Hernandez Jimenez, Gustavo"]
[Result "1/2-1/2"]
[WhiteElo "2255"]
[BlackElo "2230"]
[PlyCount "124"]
[EventDate "1999.??.??"]
[EventType "team-tourn"]
[EventRounds "9"]
[EventCountry "ESP"]
[SourceTitle "EXT 2000"]
[Source "ChessBase"]
[SourceDate "1999.11.16"]
[SourceVersion "1"]
[SourceVersionDate "1999.11.16"]
[SourceQuality "1"]

1. e4 c5 2. Nf3 Nc6 3. Bb5 g6 4. 0-0 Bg7 5. c3 Nf6 6. Re1 0-0 7. h3 d5 8. e5 Ne8 9. d4 cxd4 10. cxd4 Nc7 11. Bf1 Bf5 12. Nc3 Rb8 13. Be3 b5 14. Qc1 Nb4 15. Re2 Bd3 16. Rd2 Bxf1 17. Kxf1 Qd7 18. a3 Nc6 19. Rc2 Na5 20. Nd2 Ne6 21. b4 Nc4 22. Nb3 f6 23. exf6 Bxf6 24. Nc5 Nxc5 25. bxc5 e5 26. Ne2 Qf5 27. Kg1 Nxe3 28. fxe3 Bg5 29. Ng3 Bxe3+ 30. Qxe3 Qxc2 31. Qxe5 Rbe8 32. Qxd5+ Kh8 33. Kh2 a5 34. h4 a4 35. c6 Qc3 36. Rg1 Qxa3 37. Qxb5 Qe7 38. Qg5 Qxg5 39. hxg5 Rd8 40. Rd1 Rd5 41. Ne4 Rfd8 42. c7 Rc8 43. Nf6 Ra5 44. d5 Rxc7 45. d6 Rc8 46. d7 Rd8 47. Re1 Rxd7 48. Nxd7 Rxg5 49. Re7 Rf5 50. Nb6 Ra5 51. Nd7 Ra7 52. Re8+ Kg7 53. Nc5 a3 54. Re1 a2 55. Ra1 Ra3 56. Ne4 Re3 57. Ng3 Ra3 58. Ne2 Kh6 59. Kg1 Kg5 60. Kf2 h5 61. Nc1 Rc3 62. Nxa2 Ra3 1/2-1/2

[Event "Catalunya-chT"]
[Site "Spain"]
[Date "1998.??.??"]
[Round "1"]
[White "Jerez Perez, Alfonso"]
[Black "Mateu Palau, Enrique"]
[Result "1-0"]
[WhiteElo "2395"]
[BlackElo "2260"]
[PlyCount "71"]
[EventDate "1998.01.??"]
[EventType "team-tourn"]
[EventRounds "9"]
[EventCountry "ESP"]
[SourceTitle "EXT 2003"]
[Source "ChessBase"]
[SourceDate "2002.11.25"]
[SourceVersion "1"]
[SourceVersionDate "2002.11.25"]
[SourceQuality "1"]

1. e4 c5 2. c3 d5 3. exd5 Qxd5 4. d4 cxd4 5. cxd4 Nc6 6. Nf3 e5 7. Nc3 Bb4 8. Be2 e4 9. 0-0 Bxc3 10. bxc3 exf3 11. Bxf3 Qa5 12. Re1+ Nge7 13. d5 0-0 14. dxc6 Nxc6 15. c4 Rd8 16. Qe2 Be6 17. Be3 Qa4 18. Rac1 Na5 19. c5 Bd5 20. Bxd5 Rxd5 21. Bf4 h6 22. Bd6 Nc6 23. Rb1 Na5 24. h3 Qc6 25. Qf3 Nc4 26. Re7 Nxd6 27. cxd6 Rf8 28. d7 Qd6 29. Rbe1 b6 30. g3 Rd3 31. R1e3 Rd1+ 32. Kh2 Qd5 33. Qxd5 Rxd5 34. Rc3 Kh7 35. Re8 Kg8 36. Rcc8 1-0

[Event "Catalunya-chT"]
[Site "Spain"]
[Date "1998.??.??"]
[Round "9"]
[White "Lopez Abad, Sixte"]
[Black "Mateu Palau, Enrique"]
[Result "1-0"]
[WhiteElo "2230"]
[BlackElo "2260"]
[PlyCount "55"]
[EventDate "1998.01.??"]
[EventType "team-tourn"]
[EventRounds "9"]
[EventCountry "ESP"]
[SourceTitle "EXT 2003"]
[Source "ChessBase"]
[SourceDate "2002.11.25"]
[SourceVersion "1"]
[SourceVersionDate "2002.11.25"]
[SourceQuality "1"]

1. e4 c5 2. Nc3 d6 3. g3 Nf6 4. Bg2 e6 5. d3 Be7 6. Nge2 Nc6 7. 0-0 0-0 8. h3 Rb8 9. Be3 d5 10. exd5 exd5 11. d4 cxd4 12. Nxd4 Be6 13. Qe2 Qd7 14. Kh2 Rfe8 15. Rad1 Rbd8 16. Nb3 b6 17. Nb5 Qc8 18. c3 Ne4 19. N5d4 Nd6 20. Rd3 Ne5 21. Rdd1 Nec4 22. Bf4 Bf6 23. Qc2 Ne4 24. Rfe1 h6 25. Re2 Nc5 26. Ree1 Nxb2 27. Nxc5 Qxc5 28. Qxb2 1-0

[Event "Catalunya-chA"]
[Site "Spain"]
[Date "1996.10.06"]
[Round "1"]
[White "Abad Sanmartin, Jorge"]
[Black "Mateu Palau, Enrique"]
[Result "0-1"]
[WhiteElo "2115"]
[BlackElo "2215"]
[PlyCount "56"]
[EventDate "1997.??.??"]
[EventType "swiss"]
[EventRounds "8"]
[EventCountry "ESP"]
[SourceTitle "EXT 2003"]
[Source "ChessBase"]
[SourceDate "2002.11.25"]
[SourceVersion "1"]
[SourceVersionDate "2002.11.25"]
[SourceQuality "1"]

1. d4 d5 2. e4 c6 3. Nc3 dxe4 4. f3 exf3 5. Nxf3 Nf6 6. Bc4 Bf5 7. 0-0 e6 8. Ne5 Bxc2 9. Qe2 Qxd4+ 10. Kh1 Bg6 11. Nxg6 hxg6 12. Bf4 Be7 13. Rad1 Qc5 14. Ne4 Nxe4 15. Qxe4 Nd7 16. Bc7 Nf6 17. Rxf6 gxf6 18. Bxe6 fxe6 19. Qxg6+ Kf8 20. Rf1 Qd4 21. Bf4 f5 22. Qxe6 Qf6 23. Qe3 Rd8 24. g4 Rd5 25. Bg3 Bd6 26. Re1 Qf7 27. Bxd6+ Rxd6 28. Qe5 Qd5+ 0-1

[Event "Foment Martinenc op"]
[Site "Barcelona"]
[Date "1992.??.??"]
[Round "?"]
[White "Mateu Palau, Enrique"]
[Black "Granados Gomez, Manuel"]
[Result "0-1"]
[WhiteElo "2135"]
[BlackElo "2315"]
[PlyCount "48"]
[EventDate "1992.??.??"]
[EventType "swiss"]
[EventRounds "9"]
[EventCountry "ESP"]
[SourceTitle "EXT 2003"]
[Source "ChessBase"]
[SourceDate "2002.11.25"]
[SourceVersion "1"]
[SourceVersionDate "2002.11.25"]
[SourceQuality "1"]

1. e4 c5 2. Nf3 d6 3. d4 cxd4 4. Nxd4 Nf6 5. Nc3 a6 6. Be2 e5 7. Nb3 Be7 8. 0-0 0-0 9. Be3 Qc7 10. a4 Be6 11. a5 Nbd7 12. Bf3 Rac8 13. Qd2 Rfe8 14. Rfc1 Nf8 15. Na4 Qc6 16. Nb6 Rcd8 17. Nd5 Bxd5 18. exd5 Qc4 19. Rd1 Rc8 20. Rac1 Ng6 21. Be2 Qh4 22. Bg5 Qa4 23. Ra1 Qd7 24. c4 Ne4 0-1